书目信息 |
| 题名: |
按劳分配理论初探
|
|
| 作者: | 张问敏 , 晓亮 著 | |
| 分册: | ||
| 出版信息: | 长春 吉林人民出版社 1981.04 |
|
| 页数: | 133页 | |
| 开本: | 19cm | |
| 丛书名: | ||
| 单 册: | ||
| 中图分类: | F046 | |
| 科图分类: | ||
| 主题词: | 社会主义社会--分配(经济) | |
| 电子资源: | ||
| ISBN: | ||
| 000 | 00573nam0 2200205 45 | |
| 001 | 0204140927 | |
| 005 | 20060819173410.10 | |
| 010 | @dCNY0.31 | |
| 091 | @a4091.152 | |
| 100 | @a20020414d1981 km y0chiy0120 ea | |
| 101 | 0 | @achi |
| 200 | 1 | @a按劳分配理论初探@AAn Lao Fen Pei Li Lun Chu Tan@f张问敏,晓亮著@FZhang Wen Min,Xiao Liang Zhu |
| 210 | @a长春@c吉林人民出版社@d1981.04 | |
| 215 | @a133页@d19cm | |
| 606 | 0 | @a社会主义社会@x分配(经济) |
| 690 | @aF046@v3 | |
| 701 | 0 | @a张问敏@4著 |
| 701 | 0 | @a晓亮@4著 |
| 801 | @aCN@bTSTC@c20060819 | |
| 905 | @dF046@e23@f1@b67940 | |
| 按劳分配理论初探/张问敏,晓亮著.-长春:吉林人民出版社,1981.04 |
| 133页;19cm |
| ISBN :CNY0.31 |
| ● |
| 相关链接 |
|
|
|
|
正题名:按劳分配理论初探
索取号:F046/23
 
预约/预借
| 序号 | 登录号 | 条形码 | 馆藏地/架位号 | 状态 | 备注 |
| 1 | 0067937 | 001813461 | 密集书库/ [索取号:F046/23] | 在馆 | |
| 2 | 0067938 | 001791760 | 密集书库/ [索取号:F046/23] | 在馆 | |
| 3 | 0067940 | 000192865 | 第一样本阅览室/ [索取号:F046/23] | 在馆 | |
| 4 | 0471046 | 204710465 | 密集书库/ [索取号:F046/23] | 在馆 | |
| 5 | 0471190 | 204711909 | 密集书库/ [索取号:F046/23] | 在馆 |